Analýza podnikania v chránených dielňach v okrese Nové Zámky diplomová práca

Saved in:
Bibliographic Details
Main Author: Paulisová, Alexandra
Corporate Author: Obchodná fakulta EU. Katedra služieb a cestovného ruchu - zrušené
Other Authors: Vančíková, Jana
Format: Book
Language:Slovak
Published: Bratislava 2010
Tags: Add Tag
No Tags, Be the first to tag this record!

MARC

LEADER 00000nam$a2200000$$$4500
001 0118620
005 20240318121733.0
041 0 |a slo 
044 |a SK 
245 1 0 |a Analýza podnikania v chránených dielňach v okrese Nové Zámky  |b diplomová práca  |c Alexandra Paulisová ; škol. Jana Vančíková 
264 1 |a Bratislava  |c 2010 
100 1 |a Paulisová, Alexandra 
700 1 |a Vančíková, Jana 
710 2 |a Obchodná fakulta EU. Katedra služieb a cestovného ruchu - zrušené